| 000 | 00000nam##2200000za#4500 |
| 001 | 9.642273 |
| 003 | CaOODSP |
| 005 | 20240710082140 |
| 007 | cr ||||||||||| |
| 008 | 150407|2011||||xxc|||||o f|0| 0 fre|d |
| 040 | |aCaOODSP|bfre |
| 043 | |an-cn--- |
| 086 | 1 |aMR4-27/2011F-PDF |
| 110 | 2 |aInstituts de recherche en santé du Canada. |
| 245 | 10|aStratégie de recherche axée sur le patient du Canada : |h[ressource électronique]|baméliorer les résultats en santé par des soins basés sur des données scientifiques |
| 260 | |aMontréal - Québec : |bInstituts de recherche en santé du Canada |cAoût 2011. |
| 300 | |a45p.|bfigures, références |
| 590 | |a13-18-Supp|b2013-08-01 |
| 691 | 07|aRecherche|2gcpds |
| 691 | 07|aSoins de santé|2gcpds |
| 775 | 08|tCanada's strategy for patient-oriented research : |w(CaOODSP)9.698260 |
| 856 | 40|ahttp://publications.gc.ca|qPDF|s620 Ko|uhttps://publications.gc.ca/collections/collection_2013/irsc-cihr/MR4-27-2011-fra.pdf |